Tour de France 2000 riders - Statistics

General Stats
  • This quiz has been taken 80 times
    55 since last reset
  • The average score is 69 of 180
Answer Stats
Team # Rider % Correct
US Postal 1 Lance Armstrong
100%
US Postal 5 George Hincapie
94%
Telekom 69 Erik Zabel
89%
Telekom 61 Jan Ullrich
89%
ONCE-Deutsche Bank 51 Laurent Jalabert
89%
ONCE-Deutsche Bank 55 Nicolas Jalabert
89%
Telekom 67 Alexandre Vinokourov
83%
Festina-Lotus 101 Christophe Moreau
83%
Rabobank 41 Michael Boogerd
83%
Polti 151 Richard Virenque
83%
Banesto 11 Alex Zulle
78%
Mercatone Uno-Albacom 71 Marco Pantani
78%
Credit Agricole 177 Stuart O'Grady
78%
US Postal 4 Tyler Hamilton
78%
AG2R Prevoyance 81 Jaan Kirsipuu
72%
Festina-Lotus 102 Joseba Beloki
72%
Mapei-Quick Step 33 Paolo Bettini
72%
Kelme-Costa Blanca 24 Roberto Heras
72%
Telekom 62 Udo Bolts
72%
US Postal 3 Viatcheslav Ekimov
72%
MemoryCard-Jack & Jones 161 Bo Hamburger
67%
Cofidis 127 David Millar
67%
Rabobank 43 Erik Dekker
67%
Festina-Lotus 104 Felix Garcia Casas
67%
Bonjour-Toupargel 199 Francois Simon
67%
Telekom 65 Giuseppe Guerini
67%
Credit Agricole 172 Magnus Backstedt
67%
Mapei-Quick Step 31 Michele Bartoli
67%
Vini Caldirola-Sidermec 181 Romans Vainsteins
67%
Kelme-Costa Blanca 22 Santiago Botero
67%
Mapei-Quick Step 37 Tom Steels
67%
Credit Agricole 171 Bobby Julich
61%
Mapei-Quick Step 36 Fred Rodriguez
61%
Banesto 14 Jose Vicente Garcia Acosta
61%
Saeco 91 Laurent Dufaux
61%
Rabobank 49 Markus Zberg
61%
Farm Frites 117 Robbie McEwen
61%
ONCE-Deutsche Bank 57 Abraham Olano
56%
US Postal 9 Cedric Vasseur
56%
Bonjour-Toupargel 198 Didier Rous
56%
Kelme-Costa Blanca 21 Fernando Escartin
56%
Telekom 66 Jens Heppner
56%
ONCE-Deutsche Bank 54 Jose Ivan Gutierrez
56%
Mapei-Quick Step 32 Manuel Beltran
56%
Rabobank 48 Marc Wauters
56%
Saeco 98 Paolo Savoldelli
56%
Lotto-Adecco 131 Rik Verbrugghe
56%
US Postal 6 Benoit Joachim
50%
Cofidis 128 David Moncoutie
50%
Rabobank 46 Grischa Niermann
50%
Credit Agricole 179 Jens Voigt
50%
Banesto 15 Jose Maria Jimenez
50%
Banesto 18 Leonardo Piepoli
50%
ONCE-Deutsche Bank 59 Marcos Serrano
50%
Lotto-Adecco 132 Mario Aerts
50%
MemoryCard-Jack & Jones 162 Michael Blaudzun
50%
ONCE-Deutsche Bank 58 Miguel Angel Pena
50%
Saeco 96 Pavel Padrnos
50%
Festina-Lotus 103 Angel Casero
44%
Bonjour-Toupargel 196 Damien Nazon
44%
Banesto 13 Dariusz Baranowski
44%
La Francaise des Jeux 149 Jean-Patrick Nazon
44%
Farm Frites 118 Koos Moerenhout
44%
Mercatone Uno-Albacom 78 Marco Velo
44%
Polti 156 Pascal Herve
44%
Festina-Lotus 106 Pascal Lino
44%
Mapei-Quick Step 39 Stefano Zanini
44%
AG2R Prevoyance 87 Andrei Kivilev
39%
MemoryCard-Jack & Jones 166 Arvis Piziks
39%
ONCE-Deutsche Bank 53 David Etxebarria
39%
Banesto 16 Francisco Mancebo
39%
Lotto-Adecco 135 Jacky Durand
39%
Bonjour-Toupargel 191 Jean-Cyril Robin
39%
Banesto 12 Jose Luis Arrieta
39%
US Postal 8 Kevin Livingston
39%
Rabobank 47 Leon van Bon
39%
MemoryCard-Jack & Jones 168 Michael Sandstod
39%
ONCE-Deutsche Bank 56 Peter Luttenberger
39%
Farm Frites 113 Servais Knaven
39%
Telekom 68 Steffen Wesemann
39%
Telekom 63 Alberto Elli
33%
Vini Caldirola-Sidermec 186 Andrej Hauptman
33%
Credit Agricole 176 Anthony Morin
33%
Kelme-Costa Blanca 28 Antonio Tauler
33%
AG2R Prevoyance 89 Benoit Salmon
33%
La Francaise des Jeux 147 Christophe Mengin
33%
Saeco 92 Daniel Atienza
33%
Mapei-Quick Step 35 Daniele Nardello
33%
Polti 158 Fabio Sacchi
33%
Vini Caldirola-Sidermec 184 Filippo Casagrande
33%
La Francaise des Jeux 144 Frank Hoj
33%
US Postal 2 Frankie Andreu
33%
La Francaise des Jeux 142 Frederic Guesdon
33%
Telekom 64 Gian Matteo Fagnini
33%
Vini Caldirola-Sidermec 189 Guido Trentin
33%
Credit Agricole 178 Jonathan Vaughters
33%
Lotto-Adecco 137 Kurt van de Wouwer
33%
Cofidis 122 Laurent Desbiens
33%
AG2R Prevoyance 83 Lauri Aus
33%
Rabobank 44 Maarten den Bakker
33%
Rabobank 45 Marc Lotz
33%
Cofidis 124 Massimiliano Lelli
33%
MemoryCard-Jack & Jones 165 Nicolaj Bo Larsen
33%
Cofidis 125 Nico Mattan
33%
Lotto-Adecco 133 Serge Baguet
33%
Farm Frites 111 Sergei Ivanov
33%
US Postal 7 Steffen Kjaergaard
33%
Lotto-Adecco 136 Thierry Marichal
33%
MemoryCard-Jack & Jones 163 Tristan Hoffman
33%
Bonjour-Toupargel 192 Walter Beneteau
33%
Saeco 94 Armin Meier
28%
AG2R Prevoyance 86 Arturas Kasputis
28%
AG2R Prevoyance 82 Christophe Agnolutto
28%
Mercatone Uno-Albacom 79 Enrico Zaina
28%
MemoryCard-Jack & Jones 169 Jesper Skibby
28%
Kelme-Costa Blanca 29 Jose Angel Vidal
28%
Lotto-Adecco 138 Paul Van Hyfte
28%
Cofidis 126 Roland Meier
28%
Saeco 93 Salvatore Commesso
28%
La Francaise des Jeux 148 Sven Montgomery
28%
Polti 159 Bart Voskamp
22%
ONCE-Deutsche Bank 52 David Canada
22%
Festina-Lotus 108 David Plaza
22%
La Francaise des Jeux 146 Emmanuel Magnien
22%
Bonjour-Toupargel 193 Franck Bouyer
22%
AG2R Prevoyance 88 Gilles Maignan
22%
Kelme-Costa Blanca 27 Javier Pascual
22%
Polti 152 Jeroen Blijlevens
22%
Banesto 17 Jon Odriozola
22%
Festina-Lotus 109 Marcel Wüst
22%
Saeco 95 Massimiliano Mori
22%
Mapei-Quick Step 38 Max van Heeswijk
22%
Bonjour-Toupargel 197 Olivier Perreaudeau
22%
Banesto 19 Orlando Rodrigues
22%
Vini Caldirola-Sidermec 185 Roberto Conti
22%
Credit Agricole 174 Sebastien Hinault
22%
Vini Caldirola-Sidermec 187 Zoran Klemencic
22%
MemoryCard-Jack & Jones 164 Allan Johansen
17%
Credit Agricole 175 Anthony Langella
17%
Polti 154 Enrico Cassani
17%
Cofidis 121 Frank Vandenbroucke
17%
Vini Caldirola-Sidermec 183 Gianluca Bortolami
17%
Festina-Lotus 105 Jaime Hernandez
17%
Cofidis 123 Laurent Lefevre
17%
Mercatone Uno-Albacom 76 Massimo Podenzana
17%
AG2R Prevoyance 84 Pascal Chanteur
17%
Lotto-Adecco 134 Sebastien Demarbaix
17%
La Francaise des Jeux 141 Stephane Heulot
17%
Farm Frites 112 Andreas Klier
11%
Kelme-Costa Blanca 23 Carlos Contreras
11%
Mapei-Quick Step 34 Chann McRae
11%
Saeco 97 Dario Pieri
11%
Mercatone Uno-Albacom 74 Fabiano Fontanelli
11%
Credit Agricole 173 Fabrice Gougot
11%
Kelme-Costa Blanca 25 Francisco Mane
11%
Farm Frites 119 Geert Van Bondt
11%
Lotto-Adecco 139 Gert Verheyen
11%
Farm Frites 116 Glenn Magnusson
11%
La Francaise des Jeux 143 Grzegorz Gwiazdowski
11%
Rabobank 42 Jan Boven
11%
Farm Frites 114 Jans Koerts
11%
Kelme-Costa Blanca 26 Javier Otxoa
11%
Festina-Lotus 107 Laurent Madouas
11%
Mercatone Uno-Albacom 77 Marcello Siboni
11%
Saeco 99 Mario Scirea
11%
Vini Caldirola-Sidermec 188 Mauro Radaelli
11%
Farm Frites 115 Michel Lafis
11%
Polti 155 Mirco Crepaldi
11%
Bonjour-Toupargel 194 Pascal Derame
11%
Polti 153 Rossano Brasi
11%
Mercatone Uno-Albacom 72 Simone Borgheresi
11%
La Francaise des Jeux 145 Xavier Jan
11%
Cofidis 129 Chris Peers
6%
Bonjour-Toupargel 195 Christophe Faudot
6%
MemoryCard-Jack & Jones 167 Martin Rittsel
6%
Polti 157 Rafael Mateos
6%
AG2R Prevoyance 85 David Delrieu
0%
Mercatone Uno-Albacom 73 Ermanno Brignoli
0%
Vini Caldirola-Sidermec 182 Massimo Apollonio
0%
Mercatone Uno-Albacom 75 Riccardo Forconi
0%
No matching quizzes found
Score Distribution
Percent of People with Each Score
Percentile by Number Answered
Your Score History
You have not taken this quiz since the last reset